[Event "Guildford Spring op"]
[Site "Guildford"]
[Date "2024.04.13"]
[Round "3"]
[White "Dunn, Maxim"]
[Black "Price, Gwilym"]
[Result "0-1"]
[WhiteElo "1883"]
[BlackElo "2190"]
[PlyCount "78"]
[EventDate "2024.04.12"]
[EventType "swiss"]
[EventRounds "5"]
[EventCountry "ENG"]
[SourceTitle "CB18_2024"]
[SourceDate "2024.05.01"]
[SourceVersion "1"]
[SourceVersionDate "2024.05.01"]
[SourceQuality "2"]

1. d4 Nf6 2. Nf3 g6 3. g3 Bg7 4. Bg2 0-0 5. 0-0 d6 6. b3 c5 7. Bb2 cxd4 8. Nxd4 d5 9. c4 e5 10. Nf3 e4 11. Nd4 dxc4 12. bxc4 Nc6 13. Nxc6 bxc6 14. Qc2 Bf5 15. e3 Re8 16. Nd2 Qc8 17. Rab1 Qe6 18. Nb3 Bh3 19. Bxf6 Bxg2 20. Kxg2 Bxf6 21. Rfd1 h5 22. h3 Qf5 23. Qe2 Rad8 24. Nd4 Bxd4 25. exd4 e3 26. fxe3 Rxd4 27. Rxd4 Qxb1 28. Qd2 c5 29. Rd8 Rxd8 30. Qxd8+ Kg7 31. Qd5 Qxa2+ 32. Kf3 Qa1 33. Qxc5 a5 34. Ke4 Qb1+ 35. Kd4 a4 36. Qb5 Qa1+ 37. Ke4 a3 38. c5 a2 39. c6 Qb1+ 0-1

[Event "BCF-chT2 2324 (4NCL)"]
[Site "England"]
[Date "2024.02.11"]
[Round "6.15"]
[White "Price, Gwilym"]
[Black "Freeman, Gordon"]
[Result "1-0"]
[WhiteElo "2171"]
[BlackElo "2076"]
[PlyCount "73"]
[EventDate "2023.11.11"]
[EventType "team-tourn"]
[EventRounds "11"]
[EventCountry "ENG"]
[SourceTitle "CB11_2024"]
[SourceDate "2024.03.13"]
[SourceVersion "1"]
[SourceVersionDate "2024.03.13"]
[SourceQuality "1"]
[WhiteTeam "The Sharks II"]
[BlackTeam "Gonzaga"]
[WhiteTeamCountry "ENG"]
[BlackTeamCountry "ENG"]

1. e4 c5 2. Nf3 a6 3. c4 e6 4. d4 cxd4 5. Nxd4 Nf6 6. Nc3 Qc7 7. Be2 Nc6 8. 0-0 Nxd4 9. Qxd4 Bd6 10. g3 Bc5 11. Qd3 d6 12. Kg2 Bd7 13. a3 Rd8 14. b4 Ba7 15. Bf4 e5 16. Bg5 Be6 17. Bxf6 gxf6 18. Nd5 Bxd5 19. cxd5 Qb6 20. Bg4 h5 21. Bf5 h4 22. h3 Qd4 23. Qxd4 Bxd4 24. Rac1 a5 25. Rc7 axb4 26. axb4 hxg3 27. fxg3 0-0 28. Rxb7 Ra8 29. h4 Ra2+ 30. Kh3 Rfa8 31. Rc1 Bf2 32. Rcc7 R2a3 33. Rxf7 Rxg3+ 34. Kh2 Be1 35. Be6 Ra2+ 36. Kh1 Ra8 37. Rh7+ 1-0

[Event "BCF-chT2 2324 (4NCL)"]
[Site "England"]
[Date "2024.01.13"]
[Round "3.4"]
[White "Price, Gwilym"]
[Black "Lee, Richard WY"]
[Result "1-0"]
[WhiteElo "2171"]
[BlackElo "2133"]
[PlyCount "53"]
[EventDate "2023.11.11"]
[EventType "team-tourn"]
[EventRounds "11"]
[EventCountry "ENG"]
[SourceTitle "CB11_2024"]
[SourceDate "2024.03.13"]
[SourceVersion "1"]
[SourceVersionDate "2024.03.13"]
[SourceQuality "1"]
[WhiteTeam "The Sharks II"]
[BlackTeam "Cambridge University II"]
[WhiteTeamCountry "ENG"]
[BlackTeamCountry "ENG"]

1. e4 e5 2. Nc3 Nf6 3. Bc4 Nxe4 4. Qh5 Nd6 5. Bb3 Be7 6. Qxe5 0-0 7. d4 Nc6 8. Qf4 Re8 9. Nge2 Bf6 10. 0-0 b6 11. Be3 Ba6 12. Rfe1 Nc4 13. Nd5 Rc8 14. Ng3 Nxe3 15. Nxf6+ Qxf6 16. Qxf6 gxf6 17. fxe3 Kg7 18. c3 Bd3 19. e4 Na5 20. Nh5+ Kh6 21. Nxf6 Re7 22. Re3 Nxb3 23. axb3 Bb5 24. c4 Bc6 25. Rf1 Kg7 26. Rg3+ Kh8 27. d5 1-0

[Event "GBR-ch 108th"]
[Site "Torquay"]
[Date "2022.08.19"]
[Round "7"]
[White "Price, Gwilym"]
[Black "Claridge Hansen, William"]
[Result "0-1"]
[WhiteElo "2129"]
[BlackElo "2345"]
[PlyCount "88"]
[EventDate "2022.08.13"]
[EventType "swiss"]
[EventRounds "9"]
[EventCountry "ENG"]
[SourceTitle "CBM 209 Extra"]
[Source "ChessBase"]
[SourceDate "2022.09.30"]
[SourceVersion "1"]
[SourceVersionDate "2022.09.30"]
[SourceQuality "1"]

1. e4 c6 2. d4 d5 3. e5 Bf5 4. h4 h5 5. Bd3 Bxd3 6. Qxd3 Qa5+ 7. Nd2 e6 8. Ngf3 Nh6 9. 0-0 Nf5 10. Nb3 Qa6 11. Qd1 b6 12. a4 c5 13. c3 c4 14. Nbd2 Nc6 15. Qe2 Be7 16. b3 Nxh4 17. Nxh4 Bxh4 18. Nxc4 dxc4 19. Qe4 Rc8 20. Qxh4 Ne7 21. b4 Qb7 22. b5 Nf5 23. Qf4 Rh6 24. f3 Rg6 25. Bd2 Qd5 26. Be1 a6 27. bxa6 Ra8 28. Bf2 Rxa6 29. Rfb1 Ne7 30. Bh4 Nf5 31. Bf2 Kf8 32. Kh2 Kg8 33. Rb4 Ne7 34. Rab1 Qc6 35. Qe4 Nd5 36. Rb5 Qa8 37. Be1 Rxa4 38. Bd2 Ra2 39. R1b2 Qa4 40. Qe2 Rxb2 41. Rxb2 Qa1 42. Rc2 Qb1 43. Rc1 Qb2 44. Qd1 Ne3 0-1

[Event "GBR-ch 108th"]
[Site "Torquay"]
[Date "2022.08.14"]
[Round "2"]
[White "Hebden, Mark"]
[Black "Price, Gwilym"]
[Result "1/2-1/2"]
[WhiteElo "2476"]
[BlackElo "2129"]
[PlyCount "122"]
[EventDate "2022.08.13"]
[EventType "swiss"]
[EventRounds "9"]
[EventCountry "ENG"]
[SourceTitle "CBM 209 Extra"]
[Source "ChessBase"]
[SourceDate "2022.09.30"]
[SourceVersion "1"]
[SourceVersionDate "2022.09.30"]
[SourceQuality "1"]

1. d4 Nf6 2. Nf3 g6 3. g3 Bg7 4. Bg2 0-0 5. 0-0 d6 6. c4 Nbd7 7. Nc3 e5 8. e4 a6 9. Qc2 exd4 10. Nxd4 Ne5 11. b3 c5 12. Nde2 Rb8 13. a4 Re8 14. h3 h6 15. Be3 Qe7 16. Rad1 Kh7 17. Nf4 Nc6 18. Rfe1 Nd7 19. Nfe2 Nf8 20. Nd5 Qd8 21. Ndf4 Qa5 22. Bd2 Nb4 23. Qc1 b5 24. Bc3 Bxc3 25. Qxc3 Qc7 26. Rd2 bxa4 27. bxa4 a5 28. Red1 Rb6 29. Qa1 Ba6 30. Qc3 Nd7 31. Nc1 Ne5 32. Bf1 Rd8 33. Nb3 Qc6 34. Nd5 Nxd5 35. exd5 Qxa4 36. Nxa5 Qb4 37. Qxb4 Rxb4 38. Rc2 Rc8 39. Ra1 Nf3+ 40. Kg2 Nd4 41. Rca2 Bb7 42. f4 Rc7 43. h4 h5 44. Kf2 Bc8 45. Bd3 Kg7 46. Be4 Bd7 47. Ke3 Kf6 48. Kd2 Rc8 49. Rb1 Rxb1 50. Bxb1 Rb8 51. Bd3 Ra8 52. Kc3 Nf5 53. Bxf5 Kxf5 54. Ra3 Kg4 55. Kd2 Bf5 56. Ke2 Ra7 57. Kf2 Be4 58. Ra1 Bd3 59. Ra3 Be4 60. Ra1 Bd3 61. Ra3 Be4 1/2-1/2

[Event "BCF-chT 2122 (4NCL)"]
[Site "England"]
[Date "2022.05.02"]
[Round "9.47"]
[White "Haydon, David Leslie"]
[Black "Price, Gwilym"]
[Result "1/2-1/2"]
[WhiteElo "2282"]
[BlackElo "2097"]
[PlyCount "65"]
[EventDate "2021.11.27"]
[EventType "team-swiss"]
[EventRounds "11"]
[EventCountry "ENG"]
[SourceTitle "EXT 2023"]
[Source "ChessBase"]
[SourceDate "2022.10.05"]
[SourceVersion "1"]
[SourceVersionDate "2022.10.05"]
[SourceQuality "1"]
[WhiteTeam "Wood Green Youth"]
[BlackTeam "Guildford Castles"]
[WhiteTeamCountry "ENG"]
[BlackTeamCountry "ENG"]

1. Nf3 Nf6 2. g3 g6 3. Bg2 Bg7 4. c4 0-0 5. Nc3 d6 6. d4 Nbd7 7. 0-0 e5 8. dxe5 dxe5 9. Qc2 c6 10. Rd1 Qe7 11. b3 Re8 12. e4 Nf8 13. h3 N6d7 14. Be3 Ne6 15. a3 Rf8 16. Qd2 f5 17. exf5 gxf5 18. Bh6 f4 19. Bxg7 Qxg7 20. Qd6 Nec5 21. b4 Rf6 22. Qc7 Ne6 23. Rxd7 Nxc7 24. Rxg7+ Kxg7 25. Nxe5 fxg3 26. fxg3 Bf5 27. c5 Rd8 28. Nc4 Rd3 29. Ne2 Nd5 30. Bxd5 cxd5 31. Nd6 Bd7 32. Nxb7 Re3 33. Nf4 1/2-1/2

[Event "BCF-chT 2122 (4NCL)"]
[Site "England"]
[Date "2021.11.27"]
[Round "1.81"]
[White "Gallana, Marco"]
[Black "Price, Gwilym"]
[Result "1-0"]
[WhiteElo "2277"]
[BlackElo "2097"]
[PlyCount "67"]
[EventDate "2021.11.27"]
[EventType "team-swiss"]
[EventRounds "11"]
[EventCountry "ENG"]
[SourceTitle "EXT 2023"]
[Source "ChessBase"]
[SourceDate "2022.10.05"]
[SourceVersion "1"]
[SourceVersionDate "2022.10.05"]
[SourceQuality "1"]
[WhiteTeam "Celtic Tigers"]
[BlackTeam "Guildford Castles"]
[WhiteTeamCountry "ENG"]
[BlackTeamCountry "ENG"]

1. d4 Nf6 2. c4 g6 3. Nc3 Bg7 4. e4 d6 5. Be2 0-0 6. Nf3 e5 7. 0-0 Nc6 8. d5 Ne7 9. Kh1 Ne8 10. Ng1 f5 11. f4 Nf6 12. fxe5 dxe5 13. Nf3 Nxe4 14. Nxe4 fxe4 15. Ng5 e3 16. Bxe3 Nf5 17. Bd2 h6 18. Ne4 Nd4 19. Bd3 Rxf1+ 20. Qxf1 Bf5 21. Re1 Qd7 22. b3 Rf8 23. Qg1 a5 24. Qe3 Kh8 25. Bxa5 Ra8 26. Qd2 c6 27. Nc5 Qe7 28. Bxf5 gxf5 29. Qxd4 Rxa5 30. d6 Qf6 31. Qf2 Qxd6 32. Nxb7 Qb4 33. Nxa5 Qxa5 34. Rf1 1-0

[Event "Hastings Masters op 95th"]
[Site "Hastings"]
[Date "2020.01.03"]
[Round "7"]
[White "Price, Gwilym"]
[Black "Spanton, Timothy"]
[Result "1/2-1/2"]
[WhiteElo "2110"]
[BlackElo "1951"]
[PlyCount "37"]
[EventDate "2019.12.28"]
[EventType "swiss"]
[EventRounds "9"]
[EventCountry "ENG"]
[SourceTitle "CBM 194 Extra"]
[Source "ChessBase"]
[SourceDate "2020.03.31"]
[SourceVersion "1"]
[SourceVersionDate "2020.03.31"]
[SourceQuality "1"]

1. e4 c5 2. Nf3 g6 3. d4 cxd4 4. Nxd4 Nc6 5. Nc3 Bg7 6. Be3 Nf6 7. Bc4 0-0 8. Bb3 d5 9. exd5 Na5 10. h3 Nxb3 11. Nxb3 b6 12. Qd2 Bb7 13. Rd1 Qc7 14. d6 Qxd6 15. Qxd6 exd6 16. 0-0 Rfd8 17. a4 Ne4 18. Nxe4 Bxe4 19. Nd4 1/2-1/2

[Event "GBR-ch Major 106th"]
[Site "Torquay"]
[Date "2019.07.31"]
[Round "5"]
[White "Price, Gwilym"]
[Black "Barton, R Alan"]
[Result "0-1"]
[WhiteElo "2138"]
[BlackElo "1941"]
[PlyCount "86"]
[EventDate "2019.07.27"]
[EventType "swiss"]
[EventRounds "9"]
[EventCountry "ENG"]
[SourceTitle "EXT 2020"]
[Source "ChessBase"]
[SourceDate "2019.10.17"]
[SourceVersion "1"]
[SourceVersionDate "2019.10.17"]
[SourceQuality "1"]

1. e4 d6 2. d4 g6 3. Nc3 Bg7 4. f4 e6 5. Nf3 Ne7 6. Be3 Nd7 7. Qd2 a6 8. Bd3 b5 9. e5 Bb7 10. Ne4 Bxe4 11. Bxe4 d5 12. Bd3 c6 13. 0-0 Nf5 14. g4 Nxe3 15. Qxe3 h5 16. h3 hxg4 17. hxg4 Qe7 18. c3 c5 19. a3 c4 20. Bc2 Kd8 21. f5 gxf5 22. gxf5 Bh6 23. Qe2 Kc7 24. f6 Rag8+ 25. Kf2 Qf8 26. Rh1 Bf4 27. Bh7 Rg4 28. a4 b4 29. b3 bxc3 30. bxc4 Nb6 31. cxd5 Nxd5 32. Qc4+ Kb7 33. Rab1+ Ka7 34. Qc6 Qc8 35. Qxc8 Rxc8 36. Ne1 Be3+ 37. Ke2 Bxd4 38. Bc2 Bxe5 39. Rh7 Rc7 40. Nf3 Bxf6 41. Rg1 Rxg1 42. Nxg1 Nb4 43. Kd1 Bg5 0-1

[Event "GBR-ch Major 106th"]
[Site "Torquay"]
[Date "2019.07.28"]
[Round "2"]
[White "Camp, Imogen AL"]
[Black "Price, Gwilym"]
[Result "1/2-1/2"]
[WhiteElo "1850"]
[BlackElo "2138"]
[PlyCount "72"]
[EventDate "2019.07.27"]
[EventType "swiss"]
[EventRounds "9"]
[EventCountry "ENG"]
[SourceTitle "EXT 2020"]
[Source "ChessBase"]
[SourceDate "2019.10.17"]
[SourceVersion "1"]
[SourceVersionDate "2019.10.17"]
[SourceQuality "1"]

1. d4 Nf6 2. c4 g6 3. Nc3 Bg7 4. e4 d6 5. Nf3 0-0 6. Be2 e5 7. 0-0 Nc6 8. d5 Ne7 9. Ne1 Nd7 10. Be3 f5 11. f3 f4 12. Bf2 g5 13. Nd3 Ng6 14. c5 Nf6 15. cxd6 cxd6 16. Rc1 Rf7 17. Nb5 a6 18. Nc3 h5 19. Na4 g4 20. Nb6 Rb8 21. Nxc8 Rxc8 22. fxg4 Rxc1 23. Nxc1 Nxe4 24. gxh5 Nxf2 25. Rxf2 Nh4 26. Bg4 Nf5 27. Qd3 Rc7 28. Nb3 Ne3 29. Be6+ Kh8 30. Qg6 Qf6 31. g3 Qxg6 32. hxg6 a5 33. gxf4 a4 34. Nd2 Rc1+ 35. Nf1 exf4 36. Rxf4 Rxf1+ 1/2-1/2

[Event "Telford 4NCL op 22nd"]
[Site "Telford"]
[Date "2019.07.21"]
[Round "5"]
[White "Murphy, Conor"]
[Black "Price, Gwilym"]
[Result "1-0"]
[WhiteElo "2362"]
[BlackElo "2138"]
[PlyCount "83"]
[EventDate "2019.07.19"]
[EventType "swiss"]
[EventRounds "5"]
[EventCountry "ENG"]
[SourceTitle "EXT 2020"]
[Source "ChessBase"]
[SourceDate "2019.10.17"]
[SourceVersion "1"]
[SourceVersionDate "2019.10.17"]
[SourceQuality "1"]

1. e4 c5 2. Nf3 e6 3. d4 cxd4 4. Nxd4 Nf6 5. Nc3 Nc6 6. Nxc6 bxc6 7. e5 Nd5 8. Ne4 Qc7 9. f4 Qb6 10. c4 Bb4+ 11. Ke2 f5 12. exf6 Nxf6 13. Be3 Qd8 14. Nxf6+ Qxf6 15. Qd4 Qg6 16. c5 Ba5 17. Kf2 0-0 18. Bd3 Qg4 19. h3 Qh5 20. Rhf1 d5 21. Qa4 e5 22. Qxa5 exf4 23. Kg1 Bxh3 24. Bxf4 Qg4 25. Qd2 Bxg2 26. Qxg2 Rxf4 27. Qxg4 Rxg4+ 28. Kf2 Rb8 29. b3 a5 30. Bf5 Rg5 31. Ke3 Re8+ 32. Kf4 h6 33. Rg1 Rxg1 34. Rxg1 g5+ 35. Kf3 a4 36. bxa4 Ra8 37. Bd7 Rxa4 38. Bxc6 Ra3+ 39. Kg4 Kg7 40. Bxd5 Kg6 41. Bb3 h5+ 42. Kg3 1-0

[Event "London Classic op 10th"]
[Site "London"]
[Date "2018.12.14"]
[Round "6"]
[White "Mihajlov, Sebastian"]
[Black "Price, Gwilym"]
[Result "1-0"]
[WhiteElo "2358"]
[BlackElo "2075"]
[PlyCount "107"]
[EventDate "2018.12.09"]
[EventType "swiss"]
[EventRounds "9"]
[EventCountry "ENG"]
[SourceTitle "CBM 187 Extra"]
[Source "ChessBase"]
[SourceDate "2018.11.04"]
[SourceVersion "1"]
[SourceVersionDate "2018.11.04"]
[SourceQuality "1"]

1. e4 c5 2. Nf3 e6 3. d4 cxd4 4. Nxd4 Nf6 5. Nc3 Nc6 6. Nxc6 bxc6 7. e5 Nd5 8. Ne4 Qc7 9. f4 Qb6 10. c4 Ne3 11. Qd3 Bb4+ 12. Bd2 0-0 13. Rc1 f5 14. exf6 Ng4 15. c5 Qa5 16. a3 Bxd2+ 17. Qxd2 Qxd2+ 18. Kxd2 Nxf6 19. Nd6 a5 20. Bc4 Ba6 21. Rhe1 Bxc4 22. Rxc4 Ne8 23. Re5 Rb8 24. Kc2 Nc7 25. g3 h6 26. h4 Ra8 27. Ra4 Rfb8 28. Nc4 Rb5 29. Nd6 Rbb8 30. Re3 Nb5 31. Ne4 Kf7 32. Nd2 Ra7 33. Rd3 Ke7 34. Nc4 Rba8 35. Ne5 Rd8 36. Nc4 Rda8 37. Ne5 Rd8 38. Re4 Rb7 39. Nc4 Ra7 40. Nb6 Rb7 41. f5 Rf8 42. fxe6 dxe6 43. a4 Rf5 44. Nc8+ Kf6 45. axb5 Rxc5+ 46. Rc3 Rxc3+ 47. bxc3 cxb5 48. Nd6 Rb6 49. Rf4+ Kg6 50. Nf7 Rb7 51. g4 h5 52. Ne5+ Kh6 53. g5+ Kh7 54. Rf8 1-0

[Event "London Classic op 10th"]
[Site "London"]
[Date "2018.12.10"]
[Round "2"]
[White "Price, Gwilym"]
[Black "Shivika, Rohilla"]
[Result "1-0"]
[WhiteElo "2075"]
[BlackElo "1780"]
[PlyCount "95"]
[EventDate "2018.12.09"]
[EventType "swiss"]
[EventRounds "9"]
[EventCountry "ENG"]
[SourceTitle "CBM 187 Extra"]
[Source "ChessBase"]
[SourceDate "2018.11.04"]
[SourceVersion "1"]
[SourceVersionDate "2018.11.04"]
[SourceQuality "1"]

1. e4 e5 2. Nc3 Nf6 3. Bc4 Nxe4 4. Qh5 Nd6 5. Bb3 Be7 6. Nf3 0-0 7. h4 g6 8. Qxe5 Re8 9. Kf1 Bf6 10. Qf4 Bxc3 11. dxc3 Re4 12. Qh2 h5 13. Bf4 b6 14. Bxd6 cxd6 15. Bd5 Ba6+ 16. Kg1 Rg4 17. Bxa8 Qf6 18. g3 Nc6 19. Bxc6 dxc6 20. Qg2 Bb7 21. Nh2 Rc4 22. f3 c5 23. Qf2 b5 24. Kg2 b4 25. Rhe1 bxc3 26. b3 Rb4 27. a3 Rb6 28. Re8+ Kg7 29. Rae1 Bc6 30. R8e7 a6 31. Qe3 Qd4 32. Rxf7+ Kxf7 33. Qe7+ Kg8 34. Qd8+ Kh7 35. Re7+ Qg7 36. Rxg7+ Kxg7 37. Qxb6 Bb5 38. Qxd6 c4 39. bxc4 Ba4 40. Qd4+ Kf7 41. Qxc3 Bc6 42. Qe5 Be8 43. Nf1 Kf8 44. Ne3 Kf7 45. Nd5 Ba4 46. Qe7+ Kg8 47. Nf6+ Kh8 48. Qf8# 1-0